| 000 | 01444cam a2200325 a 4500 | ||
|---|---|---|---|
| 999 |
_c233598 _d233598 |
||
| 001 | 14305807 | ||
| 003 | Nust | ||
| 005 | 20170309111155.0 | ||
| 008 | 060318s2000 ii a b 100 0 eng | ||
| 010 | _a 2006345652 | ||
| 020 | _a9221119017 | ||
| 025 | _aI-E-2006-345652; 79-08 | ||
| 037 | _bLibrary of Congress -- New Delhi Overseas Office | ||
| 040 |
_aDLC _cDLC |
||
| 042 | _alcode | ||
| 043 | _aaz----- | ||
| 050 | 0 | 0 |
_aHD4285.3 _b.S83 1999 |
| 082 | _a338.954 | ||
| 111 | 2 |
_aSub-Regional Workshop on Privatization in South Asia _d(1999 : _cKathmandu, Nepal) |
|
| 245 | 1 | 0 |
_aPrivatization in South Asia : _bminimizing negative social effects through restructuring / _cedited by Gopal Joshi. |
| 260 |
_aNew Delhi : _bSouth Asia Multidiscipilnary Advisory Team, International Labour Organization, _c2000. |
||
| 300 |
_a236 p. : _bill. ; _c26 cm. |
||
| 504 | _aIncludes bibliographical references. | ||
| 520 | _aCase studies presented at the Workshop on the theme of privatization and restructuring of various public enterprises in South Asian countries. | ||
| 650 | 0 |
_aPrivatization _zSouth Asia _vCongresses. |
|
| 650 | 0 |
_aGovernment business enterprises _zSouth Asia _vCongresses. |
|
| 700 | 1 | _aJoshi, Gopal. | |
| 710 | 2 |
_aInternational Labour Organisation. _bSouth Asia Multidisciplinary Advisory Team. |
|
| 906 |
_a7 _bcbc _corigode _d3 _encip _f20 _gy-gencatlg |
||
| 942 |
_2ddc _cBK |
||